000 00406cam a2200181ua 4500
020 _c5.00
041 _ahin
_h
082 _a891.54
_bDEV/NI
100 _aDev, S K .
245 _aNilokhedi /
_cS K Dev.
_hTextual Documents
250 _a1 /
_b.
260 _aDelhi :
_bRajkamal Prakashan ,
_c1963.
300 _a149 ; .
365 _a5.00
504 _a
942 _cBK
999 _c8392
_d8392